000 00738nam a22002297a 4500
999 _c208
_d208
003 AR-CdUCM
008 190222b ||||| |||| 00| 0 spa d
020 _a8470760327
040 _aMUNICIPALIDAD PROVINCIAL DEL CUSCO
_cBIBLIOTECA MUNICIPAL DEL CUSCO
082 _a808.8 /
_bSA164
100 _aSalgari, Emilio
_9800
245 _aLos Horrores de la Siberia /
260 _aMadrid :
_bGahe,
_c1975.
300 _a182 paginas ;
_b8 Ilustraciones.
_c20 cm.
505 _aLos desterrados -- Los arenques -- El tormento de la sed -- El peregrino -- Un compaƱero de armas...
650 _aHeladas
_9932
650 _aLobos
_9933
650 _aMontaƱas
_9629
650 _aTrineos
_9934
942 _2ddc
_cLIBROS
945 _awnts
_d2019-02-22